Quizzes
Events
Quiz Creation
Community
Videos
Private Events
Remove Ads
Sign In
Join for FREE
Feedback
Dark Mode
Quiz Categories
Sports
Geography
Music
Movies
Television
Just For Fun
Miscellaneous
History
Literature
Language
Science
Gaming
Entertainment
Religion
Holiday
For Kids
Quiz Lab
Recent
Popular Today
Quiz Kudos Today
Editor Picks
Curator Picks
Quizzes by...
Day
Popularity
Type
Ratings
Length
Year
Community
Subscriptions
Recent Discussions
Orange Saloon
Badges
Playlists
Quests
Create
Leaderboards
Showdown
Live 5
Trivia Bingo
Activity
Puzzle Library
Sporcle Events
Private Events
Virtual Trivia
Globe League
Become a Host
Pub Owners
SporcleCon
Opinionation
Our Games
Videos
Blog
Mobile Apps
Partnerships
Remove Ads and Go Orange
Feedback
Literature
Harry Potter
A Song of Ice and Fire
The Hunger Games
Literary Character
Shakespeare
Book
Author
Novel
Poem
Young Adult
Children's Books
Play
Lord of the Rings
Literature
Harry Potter
A Song of Ice and Fire
The Hunger Games
Literary Character
Shakespeare
Book
Author
Novel
Poem
Young Adult
Children's Books
Play
Lord of the Rings
Random Quiz
Search Sporcle
×
Quiz Lab
Quiz Lab
Literature
X-Men
Type in answers that appear in a list
Type in answers that appear in a list
Classic
Best Score? Go Orange.
X-Men Team Members Stats
Can you name the all-time X-Men Team Members?
By
showbusiness77
15m
73 Questions
376 Plays
376 Plays
376 Plays
Comments
Comments
Give Quiz Kudos
Give Quiz Kudos
-
- Ratings
hide this ad
Replay
Link that replays current quiz
Next Quiz
Link to next quiz in quiz playlist
You Got
0%
They Got
Avg Score
77%
Avg Friend Score
Upgrade to see
Score Distribution
Jump to the score distribution portion of the page
Score
0/73
Timer
15:00
0
Plays Today
Mutant Power(s), Abilities
Code Name
% Correct
Optic Blasts,
Cyclops
97.3%
Telekinesis, Telepathy, Phoenix Force
Marvel Girl
97.1%
Strength, Agility, Speed, Agility, Dexterity, Senses and Endurance
Beast
96.3%
ice powers, manipulate all forms of moisture
Iceman
95.7%
Healing Factor, Adamantium Skeleton with Claws, Strength, Speed, Agility, hyper-
senses
Wolverine
95.7%
Flight, Weather-
Manipulation
Storm
95.5%
Master of Magnetism
Magneto
95.5%
Telepathy, Mind-
Control, Astral Projection
Professor X
94.9%
Transmuting Wings, Healing Blood, Neuro-
toxin Fletchettes
Angel
93.9%
Teleportation over short distances, Prehensile Tail
Nightcrawler
93.3%
Absorbs Powers, Memories and skills, Flight, Invulnerability, Strength
Rogue
93.3%
Strength, Durability, Organic-
Steel Skin
Colossus
92.8%
Charge objects with Kinetic Energy, hypnotic charm
Gambit
91.5%
Sonic Scream, Flight, Sonic Concussion
Banshee
90.1%
Shapeshifting into other humanoids, supressed aging
Mystique
89.6%
Intangibility, Phasing through objects
Kitty Pryde
89.3%
Telepathy, Transmuting Diamond Skin
White Queen
89.1%
Kinetic Energy Absorption and Projection, Time Travel via Bionic Arm
Bishop
88%
Absorbs and discharges Solar and Cosmic Rays
Havok
86.9%
Telepathy and Telekinesis, Psychic Knife/
Katana
Psylocke
86.7%
Pyrotechnics, low level energy bursts
Jubilee
86.1%
Magnetism
Polaris
84.5%
Telepathy, Telekinesis, Warp through Space/
Time
Cable
84.3%
Copycat Other Mutant Powers
Mimic
83.7%
Convert Sound into Photonic Energy
Dazzler
82.7%
Machinesmith, Creator, Cheyenne Mystic, Bionic Leg and Hand
Forge
82.1%
Flight, Shoots Rays of Fire
Sunfire
81.9%
Unlimited Strength, Endurance, Invulnerability, Unstoppable while in Motion
Juggernaut
81.6%
Absorb and Rechannel Solar Radiation, Solar Flares
Sunspot
79.2%
Morph body into Solar Plasma, Plasma Projection, Flight
Thunderbird III
78.9%
Lava manipulation, Surround body with intense heat
Magma
78.7%
Strength, Speed, Endurance and Reflexes
Thunderbird
78.4%
Strength, Speed, Agility, Endurance, Reflexes, Invulnerability
Warpath
78.4%
Bone Manipulation, throwing daggers
Marrow
77.3%
Teleporation through Space and Time, Soulsword, Dark Magic
Magik
77.3%
Flight, Invulnerability, Blast-
Shield
Cannonball
77.1%
Luck Manipulation, Alien Body, Combat
Longshot
76.8%
Mutant Power(s), Abilities
Code Name
% Correct
Adaptation for Survival
Darwin
76.8%
Shapeshifter, Telepathic, Psychokinetic
Changeling
76.5%
Healing Factor, Adamantium Skeleton, Claws, Strength, Speed, Agility, hyper-
senses
Sabretooth
76.5%
Telekinesis, Telepathy, Phoenix Force
Phoenix II
75.2%
Speed, Photon-
Discharges when touching Twin Sibling
Northstar
73.3%
Flight, Cause Hallucinations,Teleportation, Soul-
Dagger, Black Magic
Pixie
73.3%
Strength, Speed, Endurance, Reflexes, Senses, Communicates w/
Sea life, Human-
Hybrid
Namor Mckenzie
73.1%
Mutant Power Manipulation
Hope
73.1%
Sheds outer layer of skin to reveal more powerful forms
Husk
72.8%
Fire-
Breathing, Flight
Lockheed
72.5%
Psionic Armored Shell for protection and strength, force
Armor
72%
Language Translation, Understand inherent Language of any action
Cypher
72%
Psychic Arrows, Fear Projection
Moonstar
71.5%
Matter Assimilation, Technomorph,Transmode Virus
Warlock
71.5%
Brain contains a microscopic star
Xorn
71.2%
Mind Control, Psychic Possession
Karma
70.7%
Energy Manipulation
Vulcan
70.1%
Telepathy, Bio-
Energy Blasts, Telekinesis, Sonic-
Force, Flight
Chamber
69.9%
Magnetism
Joseph
67.5%
Matter Digestion, Scan Memories and Events
Maggott
67.5%
Light Knives, Purge poisons and Drugs, Heightened Agility, Reflexes
Dagger
64%
Levitation Intangibility, Teleportation
Cloak
63.7%
Telepathy, Psionic Blades, Empathic
Revanche
62.9%
Telepathy, Illusionist
Lady Mastermind
62.9%
Prime Sentinel/
Human Hybrid
Karima Shapandar
61.9%
Computer Mind, Receive/
Transmit data from anywhere
Sage
61.1%
Geo-
Morph, Manipulate earth and rock
Petra
61.1%
External Nervous System, Reads Body Language
Fantomex
60%
Time-
Manipulation, create visions of past events
Sway
58.1%
Telepathy, Psychokinesis, Energy Manipulation
X-Man
58.1%
Bio-
Morphing ability for rescue purposes
Lifeguard
56.8%
Teleportation, Rides a Hover-
Board
Slipstream
56.8%
Pheromones
Stacy X
56.5%
Strength, Agility, Scientific Genius
Dark Beast
54.1%
Force Field
Dr. Cecilia Reyes
53.9%
Teleportation, Clairvoyance into other times, realms, planes,
Gateway
53.1%
Quiz Playlist
Details
Report
Send in Message
Add To Playlist
Classic:
Type in answers that appear in a list
Last Updated: Mar 21, 2017
Quiz Scoreboard
CHALLENGE
Sign Up to Join the Scoreboard
Show All
Scores
Hide
Comments
May contain spoilers
Recently Published
An Introduction to Baseball
by treessimontrees
Sports
5m
Movies - When Are They Set?
by FPL_Elf
Movies
5m
Popular People in 1961
by mucciniale
History
6m
More to Explore
Quiz From the Vault
Featured Blog Post
Where Did the Easter Bunny Come From?
hide this ad
You Might Also Like...
Tags
team
X-Men
Today's Top Quizzes in Literature
Browse Literature
hide this ad
Today's Top Quizzes in X-Men
Browse X-Men
Top Contributed Quizzes in Literature
1
Sneaky Slytherin Logic Puzzle
2
One Thing in Common: Literature
3
Get The Picture: Black or White Literature
4
One Thing in Common: Literature 3
5
Harry Potter Neighbourly Logic Puzzle #3
6
One Thing in Common: Literature II
7
One Thing in Common: Books
8
Harry Potter Neighbourly Logic Puzzle #5
9
Weasley Family Reunion: Logic Puzzle
10
7 to 1: Literature by Subcategory
Explore More
Trending Topics
Marvel
Kpop
Anime
Crossword
Disney
NBA
Harry Potter
Soccer
WWE
The Office
Puzzle
Song
Pokémon
Country
NFL
hide this ad
More By:
showbusiness77
Quiz
Plays
Rating
Category
Featured
Created
X-Men Team Members
376
4.13
Literature
Feb 19, 2011
Go to Creator's Profile
Score Distribution
Quiz Creator Spotlight
showbusiness77
Follow
Send a Message
Quizzes Created
-
Created Quiz Play Count
-
More By This Creator
Popular Quizzes Today
1
Find the Countries of Europe - No Outlines Minefield
2
Find the US States - No Outlines Minefield
3
The Countries of the World
4
Popular People in 1961
5
US States
6
Find the US States
7
1-10 Letter E Words III
8
Risky Map Clicking: Biggest States A-Z
More Literature Quizzes
Match 'in' Literature
Published
Trending Quizzes
Risky Map Clicking: Least Populous States A-Z
1-10 Letter F Words
1-10 Letter G Words
One Thing in Common: United Kingdom
Risky Map Clicking: Next State Alphabetically
Recently Updated
Leaping Animals
pecheneg
Reality TV Shows (A-Z)
bhenderson79
Rickey Henderson's Hall of Fame Teammates
pecheneg
Champions League XIs: Arsenal
pecheneg
Quick Pick: Celebrities in WWE's Hall of Fame
aduchscher
A-Z Keypad Blitz II
pecheneg
Multiple Oscar Actors
pecheneg
Mystery Phrase Blitz: Oscar 'Best Actors'
pecheneg
F. Scott Fitzgerald Novels
LTH
Pick 3 Villains
ddd62291
Trending Topics
NBA
Crossword
Marvel
Disney
Anime
Harry Potter
Kpop
WWE
NFL
Pokémon
Song
Country
Puzzle
Soccer
The Office
Your Account Isn't Verified!
In order to create a playlist on Sporcle, you need to verify the email address you used during registration. Go to your
Sporcle Settings
to finish the process.
Report this User
Report this user for behavior that violates our
Community Guidelines
.
Details:
Send Report
Go to the Sporcle.com Mobile Site →
Comments